Kluby, które wygrały Europejskie Puchary - Nagła Śmierć - Statystyki

Ogólne statystyki
  • Ten quiz został rozwiązany 123 razy
    23 od ostatniego zresetowania
  • Średni wynik to 11 z 46
Answers on the Grid
Answers color-coded by a green-red scale on the quiz's grid according to % correct below.
Real Madryt
Legia Warszawa
Hertha Berlin
AEK Ateny
Dinamo Zagrzeb
Atletico Madryt
Sevilla
PSG
Marsylia
Ajax Amsterdam
Bayern Monachium
Borussia Dortmund
AC Milan
Liverpool
Inter Mediolan
FC Barcelona
Manchester United
Manchester City
Chelsea Londyn
Juventus
Benfica
Nottingham Forest
FC Porto
Celtic Glasgow
Hamburg SV
Steaua Bukareszt
Feyenoord
Aston Villa
PSV Eindhoven
Crvena Zvezda
Tottenham Hotspur
Borussia Mönchengladbach
IFK Göteborg
Eintracht Frankfurt
AC Parma
RSC Anderlecht
Ipswich Town
Bayer 04 Leverkusen
Napoli
Olympiacos
Schalke 04
CSKA Moskwa
Atalanta Bergamo
Szachtar Donieck
Leeds United
Valencia
Zenit Petersburg
Lazio Rzym
West Ham United
AS Roma
Fiorentina
Real Betis
Real Sociedad
Athletic Bilbao
Lyon
Rangers
Malmo
Arsenal Londyn
AS Monaco
Sporting Lizbona
Dynamo Kijów
Club Brugge
Sparta Praga
FC Kopenhaga
FK Bodø/Glimt
Villareal
Crystal Palace
Sporting Braga
Vikingur Reykiawik
FC Thun
Żalgris Wilno
Young Boys Berno
Lech Poznań
Kairat Almaty
Fenerbache
 
Statystyki odpowiedzi
Odpowiedź % Poprawnych
Chelsea Londyn
80%
Borussia Dortmund
60%
FC Barcelona
60%
FC Porto
60%
Juventus
60%
PSG
60%
Real Madryt
60%
Ajax Amsterdam
40%
AS Roma
40%
Bayern Monachium
40%
Crystal Palace
40%
Hamburg SV
40%
Liverpool
40%
Manchester City
40%
Manchester United
40%
PSV Eindhoven
40%
Sevilla
40%
Tottenham Hotspur
40%
AC Milan
20%
Aston Villa
20%
Atletico Madryt
20%
Bayer 04 Leverkusen
20%
Benfica
20%
Feyenoord
20%
Inter Mediolan
20%
Ipswich Town
20%
Napoli
20%
Nottingham Forest
20%
Villareal
20%
West Ham United
20%
AC Parma
0%
Atalanta Bergamo
0%
Borussia Mönchengladbach
0%
Celtic Glasgow
0%
Crvena Zvezda
0%
CSKA Moskwa
0%
Eintracht Frankfurt
0%
IFK Göteborg
0%
Marsylia
0%
Olympiacos
0%
RSC Anderlecht
0%
Schalke 04
0%
Steaua Bukareszt
0%
Szachtar Donieck
0%
Valencia
0%
Zenit Petersburg
0%
Nie znaleziono quizów pasujących do podanych kryteriów
Rozkład punktacji
Procent ludzi z każdym wynikiem
Percentyl według liczby udzielonych odpowiedzi
Twoja historia wyników
Nie rozwiązałeś tego quizu od ostatniego zresetowania